Départements français de plus en plus éloignés du littoral - Statistiques

Statistiques générales
  • Ce quiz a été pris 674 fois
  • Le résultat moyen est 4 sur 6
Statistiques - réponses
Proximité avec le littoral Départements % Correct
Départements littoraux Alpes-Maritimes | Aude | Bouches-du-Rhône | Calvados | Charente-Maritime | Corse-du-Sud | Haute-Corse | Côtes-d'Armor | Eure | Finistère | Gard | Gironde | Hérault | Ille-et-Vilaine | Landes | Loire-Atlantique | Manche | Morbihan | Nord | Pas-de-Calais | Pyrénées-Atlantiques | Pyrénées-Orientales | Seine-Maritime | Somme | Var | Vendée | Guadeloupe | Martinique | Guyane | La Réunion | Mayotte
100%
Il faut traverser 1 département pour arriver à la mer Aisne | Alpes-de-Haute-Provence | Ardèche | Ariège | Aveyron | Charente | Dordogne | Eure-et-Loir | Haute-Garonne | Gers | Lot-et-Garonne | Lozère | Maine-et-Loire | Mayenne | Oise | Orne | Hautes-Pyrénées | Yvelines | Deux-Sèvres | Tarn | Vaucluse | Val-d'Oise
89%
Il faut traverser 2 départements pour arriver à la mer Hautes-Alpes | Ardennes | Cantal | Corrèze | Drôme | Indre-et-Loire | Isère | Loir-et-Cher | Loire | Haute-Loire | Loiret | Lot | Marne | Sarthe | Seine-et-Marne | Tarn-et-Garonne | Vienne | Haute-Vienne | Essonne | Hauts-de-Seine | Seine-Saint-Denis
80%
Il faut traverser 3 départements pour arriver à la mer Ain | Allier | Aube | Cher | Creuse | Indre | Haute-Marne | Meuse | Nièvre | Puy-de-Dôme | Rhône | Saône-et-Loire | Savoie | Paris | Yonne | Val-de-Marne
69%
Il faut traverser 4 départements pour arriver à la mer Côte-d'Or | Jura | Meurthe-et-Moselle | Haute-Saône | Haute-Savoie | Vosges
24%
Il faut traverser 5 départements pour arriver à la mer Doubs | Moselle | Bas-Rhin | Haut-Rhin | Territoire de Belfort
16%
Aucun quiz correspondant
Distribution des résultats
% des personnes avec chaque résultat
Percentile par nombre de réponses
Votre historique - résultats
Vous n’avez pas pris ce quiz